000 01284cam a2200349 a 4500
001 14141906
003 csc
005 20200421093819.0
008 051015s2005 caua b 001 0 eng
010 _a 2005296444
015 _aGBA474011
_2bnb
016 7 _a013013094
_2Uk
020 _a1880656906 (pbk.)
035 _a(OCoLC)ocm56760217
040 _aUKM
_cUKM
_dC#P
_dOCL
_dEHH
_dBAKER
_dDLC
041 0 _aeng
_ajpn
042 _alccopycat
050 0 0 _aPL539.3
_b.L36 2005
082 0 0 _a495.6/82421
_222
100 1 _aLammers, Wayne P.,
_d1951-
_9138
245 1 0 _aJapanese the manga way :
_ban illustrated guide to grammar & structure /
_cWayne P. Lammers.
246 1 4 _aManga de manabu Nihongo bunpō
260 _aBerkeley, Calif. :
_bStone Bridge Press,
_cc2005.
300 _axxviii, 282 p. :
_bill. ;
_c28 cm.
504 _aIncludes bibliographical references (p. 274-275) and index.
650 0 _aJapanese language
_vTextbooks for foreign speakers
_xEnglish.
650 0 _aJapanese language
_xGrammar.
_9759
856 4 2 _3Publisher description
_uhttp://www.loc.gov/catdir/enhancements/fy0627/2005296444-d.html
906 _a7
_bcbc
_ccopycat
_d2
_encip
_f20
_gy-gencatlg
942 _2ddc
_cBK
999 _c121
_d121